Qui est le chanteur - Musique française - Statistiques

Statistiques générales
  • Ce quiz a été pris 5 086 fois
  • Le résultat moyen est 11 sur 20
Statistiques - réponses
Hint Réponse % Correct
Pour que tu m'aimes encore Céline Dion
95%
Les Lacs du Connemara Michel Sardou
83%
La vie en rose Édith Piaf
77%
En apesanteur Calogero
72%
La boulette Diam's
71%
Libertine Mylène Farmer
62%
Savoir aimer Florent Pagny
60%
Je t'aime Lara Fabian
60%
Ne me quitte pas Jacques Brel
57%
L'envie Johnny Hallyday
56%
Couleur menthe à l'eau Eddy Mitchell
50%
Caroline Mc Solaar
47%
Évidemment France Gall
41%
Lettre à France Michel Polnareff
40%
Fan Pascal Obispo
40%
Entre nous Chimène Badi
39%
Seul Garou
37%
Il y a trop de gens qui t'aiment Hélène Ségara
37%
Besoin de personne Véronique Sanson
37%
D'aventures en aventures Serge Lama
29%
Aucun quiz correspondant
Distribution des résultats
% des personnes avec chaque résultat
Percentile par nombre de réponses
Votre historique - résultats
Vous n’avez pas pris ce quiz